00594nam a22001217a 4500020002400000082001800024100004000042245004400082250000900126260003300135300001000168650029400178 a9788126528950 (pbk) a338.1 CRA/AG aCramer, Gail L.aJensen, Clarence W aAgricultural Economics And Agribusiness aVIII aNew DelhibWiley Indiac2011 a519p. aFarm and food systemaConsumer behavior and demandaProducer decision makingaCompetition and the marketaMacro economicsaNatural resourcesaRural developmentaInternational economicsaAgricultural price and income policiesaFinancial picture of agricultureaGlobal food demand and supply